<?xml version="1.0" encoding="UTF-8"?>
<record
    xmlns:xsi="http://www.w3.org/2001/XMLSchema-instance"
    xsi:schemaLocation="http://www.loc.gov/MARC21/slim http://www.loc.gov/standards/marcxml/schema/MARC21slim.xsd"
    xmlns="http://www.loc.gov/MARC21/slim">

  <leader>02603njm a2200469Ia 4500</leader>
  <controlfield tag="001">24662</controlfield>
  <controlfield tag="003">IT-RoPAU</controlfield>
  <controlfield tag="005">20220918181109.0</controlfield>
  <controlfield tag="008">131025s9999    xx            000 0 und d</controlfield>
  <datafield tag="040" ind1=" " ind2=" ">
    <subfield code="a">IT-RoPAU</subfield>
  </datafield>
  <datafield tag="040" ind1=" " ind2=" ">
    <subfield code="c">IT-RoPAU</subfield>
  </datafield>
  <datafield tag="999" ind1=" " ind2=" ">
    <subfield code="c">98872</subfield>
    <subfield code="d">98872</subfield>
  </datafield>
  <datafield tag="999" ind1=" " ind2=" ">
    <subfield code="b">n.d.</subfield>
  </datafield>
  <datafield tag="100" ind1=" " ind2=" ">
    <subfield code="a">AA.VV.</subfield>
    <subfield code="9">794</subfield>
  </datafield>
  <datafield tag="100" ind1=" " ind2=" ">
    <subfield code="e">Autore musica</subfield>
    <subfield code="9">11445</subfield>
  </datafield>
  <datafield tag="100" ind1=" " ind2=" ">
    <subfield code="g">Codice autore musica SPICS: 12000</subfield>
    <subfield code="9">796</subfield>
  </datafield>
  <datafield tag="245" ind1=" " ind2=" ">
    <subfield code="a">Bach To Beatles</subfield>
  </datafield>
  <datafield tag="250" ind1=" " ind2=" ">
    <subfield code="a">1a ed.</subfield>
  </datafield>
  <datafield tag="260" ind1=" " ind2=" ">
    <subfield code="a">ITALIA</subfield>
  </datafield>
  <datafield tag="260" ind1=" " ind2=" ">
    <subfield code="b">POLYDOR</subfield>
    <subfield code="c">1974 [1a Ed.:1974]</subfield>
  </datafield>
  <datafield tag="300" ind1=" " ind2=" ">
    <subfield code="a">DISCO</subfield>
  </datafield>
  <datafield tag="300" ind1=" " ind2=" ">
    <subfield code="c">38 minuti (Testo:  pag.)</subfield>
  </datafield>
  <datafield tag="500" ind1=" " ind2=" ">
    <subfield code="a">Musica strumentale. Arrangiamento di celebri brani dei Beatles e classici</subfield>
  </datafield>
  <datafield tag="505" ind1=" " ind2=" ">
    <subfield code="a">Bach's Toccata &amp; Fuge (7:00) - On Persian Market (4:00) - American Patrol (3:00) - Kalinka (4:00) - Bye Bye Blackbird (2:00) - Cecilia (3:00) - Knock Three Times (4:00) - El condor pasa (4:00) - How do You Do (4:00) - Let the Sunshine In (3:00) - Yesterday (3:00) - Down By the Riverside (3:00)</subfield>
  </datafield>
  <datafield tag="650" ind1=" " ind2=" ">
    <subfield code="a">ARRANGIAMENTO [DISCHI]</subfield>
    <subfield code="e">Codice MATERIA SPICS: 9950</subfield>
    <subfield code="9">11446</subfield>
  </datafield>
  <datafield tag="700" ind1=" " ind2=" ">
    <subfield code="a">Last James</subfield>
    <subfield code="g">Codice interprete SPICS: 10976</subfield>
    <subfield code="4">Interprete</subfield>
    <subfield code="9">11447</subfield>
  </datafield>
  <datafield tag="700" ind1=" " ind2=" ">
    <subfield code="a">Last James</subfield>
    <subfield code="g">Codice autore SPICS: 10976</subfield>
    <subfield code="4">Autore</subfield>
    <subfield code="9">9404</subfield>
  </datafield>
  <datafield tag="700" ind1=" " ind2=" ">
    <subfield code="a">Bach Johann Sebastian</subfield>
    <subfield code="g">Codice autore musica SPICS: 9695</subfield>
    <subfield code="e">Autore musica</subfield>
    <subfield code="p">Bach's Toccata &amp; Fuge</subfield>
    <subfield code="9">11448</subfield>
  </datafield>
  <datafield tag="700" ind1=" " ind2=" ">
    <subfield code="a">Ketelbey Albert</subfield>
    <subfield code="g">Codice autore musica SPICS: 8042</subfield>
    <subfield code="e">Autore musica</subfield>
    <subfield code="p">On Persian Market</subfield>
    <subfield code="9">11449</subfield>
  </datafield>
  <datafield tag="700" ind1=" " ind2=" ">
    <subfield code="a">Meacham</subfield>
    <subfield code="g">Codice autore musica SPICS: 14469</subfield>
    <subfield code="e">Autore musica</subfield>
    <subfield code="p">American Patrol</subfield>
    <subfield code="9">11450</subfield>
  </datafield>
  <datafield tag="700" ind1=" " ind2=" ">
    <subfield code="a">Anonimo</subfield>
    <subfield code="g">Codice autore musica SPICS: 2620</subfield>
    <subfield code="e">Autore musica</subfield>
    <subfield code="p">Kalinka - El condor pasa - Down By the Riverside</subfield>
    <subfield code="9">11451</subfield>
  </datafield>
  <datafield tag="700" ind1=" " ind2=" ">
    <subfield code="a">Dixon</subfield>
    <subfield code="g">Codice autore musica SPICS: 15738</subfield>
    <subfield code="e">Autore musica</subfield>
    <subfield code="p">Bye Bye Blackbird</subfield>
    <subfield code="9">11452</subfield>
  </datafield>
  <datafield tag="700" ind1=" " ind2=" ">
    <subfield code="a">Simon Paul</subfield>
    <subfield code="g">Codice autore musica SPICS: 11156</subfield>
    <subfield code="e">Autore musica</subfield>
    <subfield code="p">Cecilia</subfield>
    <subfield code="9">11453</subfield>
  </datafield>
  <datafield tag="700" ind1=" " ind2=" ">
    <subfield code="a">Levin</subfield>
    <subfield code="g">Codice autore musica SPICS: 15739</subfield>
    <subfield code="e">Autore musica</subfield>
    <subfield code="p">Knock Three Times</subfield>
    <subfield code="9">11454</subfield>
  </datafield>
  <datafield tag="700" ind1=" " ind2=" ">
    <subfield code="a">Brown</subfield>
    <subfield code="g">Codice autore SPICS: 20445 </subfield>
    <subfield code="e">Autore musica</subfield>
    <subfield code="p">Knock Three Times</subfield>
    <subfield code="9">11455</subfield>
  </datafield>
  <datafield tag="700" ind1=" " ind2=" ">
    <subfield code="a">Hemert V.</subfield>
    <subfield code="g">Codice autore musica SPICS: 15740</subfield>
    <subfield code="e">Autore musica</subfield>
    <subfield code="p">How do You Do</subfield>
    <subfield code="9">11456</subfield>
  </datafield>
  <datafield tag="700" ind1=" " ind2=" ">
    <subfield code="a">Hoof V.</subfield>
    <subfield code="g">Codice autore SPICS: 15741</subfield>
    <subfield code="e">Autore</subfield>
    <subfield code="p">How do You Do</subfield>
    <subfield code="9">11457</subfield>
  </datafield>
  <datafield tag="700" ind1=" " ind2=" ">
    <subfield code="a">MacDermot Galt</subfield>
    <subfield code="g">Codice autore musica SPICS: 10994</subfield>
    <subfield code="e">Autore musica</subfield>
    <subfield code="p">Let the Sunshine In</subfield>
    <subfield code="9">11458</subfield>
  </datafield>
  <datafield tag="700" ind1=" " ind2=" ">
    <subfield code="a">Ragni G.</subfield>
    <subfield code="g">Codice autore SPICS: 14488</subfield>
    <subfield code="e">Autore musica</subfield>
    <subfield code="p">Let the Sunshine In</subfield>
    <subfield code="9">11459</subfield>
  </datafield>
  <datafield tag="700" ind1=" " ind2=" ">
    <subfield code="a">Lennon John</subfield>
    <subfield code="g">Codice autore musica SPICS: 13133</subfield>
    <subfield code="e">Autore musica</subfield>
    <subfield code="p">Yesterday</subfield>
    <subfield code="9">11460</subfield>
  </datafield>
  <datafield tag="700" ind1=" " ind2=" ">
    <subfield code="a">McCartney Paul</subfield>
    <subfield code="4">Codice autore SPICS: 8084</subfield>
    <subfield code="e">Autore musica</subfield>
    <subfield code="p">Yesterday</subfield>
    <subfield code="9">11461</subfield>
  </datafield>
  <datafield tag="942" ind1=" " ind2=" ">
    <subfield code="c">MD</subfield>
    <subfield code="2">ddc</subfield>
  </datafield>
  <datafield tag="952" ind1=" " ind2=" ">
    <subfield code="0">0</subfield>
    <subfield code="1">0</subfield>
    <subfield code="4">0</subfield>
    <subfield code="6">24662_000000000000000</subfield>
    <subfield code="7">1</subfield>
    <subfield code="a">SPICS</subfield>
    <subfield code="b">SPICS</subfield>
    <subfield code="d">2013-10-25</subfield>
    <subfield code="l">0</subfield>
    <subfield code="o">24662</subfield>
    <subfield code="r">2013-10-25 00:00:00</subfield>
    <subfield code="w">2013-10-25</subfield>
    <subfield code="y">MD</subfield>
    <subfield code="z">Progr. Ins.: 5357 / N.Vol.: 1 / Copie: 1 - Copia rara: n.d. / date import: 01.01.2014 - By Epidotti, Trombetti, Vaglietti</subfield>
  </datafield>
</record>
